000 00391nam a2200169Ia 4500
001 20823
003 IN-NITTTR
005 20251114233238.0
008 251113s9999||||xx |||||||||||||| ||eng||
040 _beng
040 _cIN-NITTTR
041 _aeng
082 _a401.9 K67S
100 _aKlein, Wolfgang
245 0 _aSecond language acquisition. /
_cKlein, Wolfgang
942 _2ddc
_cBK
999 _c23453
_d23453